00852nam a2200217Ia 4500952015100000952015200151999001700303003000400320005001700324008004100341020001500382040000900397082001800406100002200424245006600446260003400512300001400546500001900560650001300579942004200592 00102ddc40708POLITICAL SCIENCEaMESbMEScPOLd2019-02-20g600.00l0o320.54 HAR/Zp39156r2019-02-20 00:00:00tVol -1w2019-02-20yBKzGL10R1 00102ddc40708POLITICAL SCIENCEaMESbMEScPOLd2019-02-20g700.00l0o320.54 HAR/Zp39157r2019-02-20 00:00:00tVol - 2w2019-02-20yBKzGL10R1 c34965d34965OSt20200205135043.0190216s9999||||xx |||||||||||||| ||und|| a0955020700 coclc a320.54bHAR/Z aHart, Alan 91682 0aZionism The Real Enemy Of The Jews Vol I & Vol II/cAlan Hart bCamel Books,c2007.aCalicut: a714, 540p aVol I & Vol II aPolitics cBK2ddch320.54iHAR/Zk320.54mHAR/Z